00734nam a2200241 a 4500001001300000003000900013005001700022008004100039020001000080082001500090100002100105245008000126260005300206300000900259500003500268505001000303650001300313700002100326902000800347942000700355952011500362999001500477nice12345678IN_TiNIC20260116012212.0050524s1938 newa grp 000 0 eng  ac10000a266.2bPAR aParker, Joseph I aInterpretative Statistical Survey of the World Mission of the Christian Chu aNew YorkbInternational Missionary Councilc1938 a323p aincludes index and biblioraphy2 aindex aMissions1 aParker, Joseph I bSRS cBK 001040708StackRoom-aHMIbHMId2007-07-12g100.00l0o266.2 PARp07940r2007-07-12v100.00w2005-05-24yBK c6058d6058